1617 1753 1884 1892 1278 1768 1033 1130 1995 1108 1573 1480 1833 1272 1899 1579 1800 1579 1915 1051 1351 1922 1227 1638 1567 1818 1106 1027 1092 1785 1570 1507 1696 1053 1556 1804 1924 1292 1776 1373 1676 1482 1489 1722 1810 1574 1871 1751 1166 1177 1909 1631 1705 1983 1853 1824 1547 1312 1817 1618 1540 1007 1272 1978 1562 1162 1135 1303 1716 1322 1642 1097 1452 1224 1443 1896 1033 1394 1661 1745 1527 1693 1700 1503 1282 1984 1971 1112 1490 1691 1179 1917 1489 1520 1683 1372 1172 1873 1061 BCNSPRNW ULIB Ver.6.0+V

เปลี่ยนเป็นภาษาไทย

Change to English
 แสดงรายละเอียดบรรณานุกรม
  กลับหน้าหลัก

Brief Record : Get Marc (ISO 2709) : E-mail record : QR code < ปิดหน้าต่าง
LEADER : 00000nam 2200000uu 4500
001    13399113664
003     ULIB
008    020711s|||| th a 000 0 tha d
020    ^a9786167098319
060  4 ^aWS105.5.C3
245    ^aคู่มือคุณแม่เตรียมตัวก่อนคลอดและการปฏิบัติตนหลังคลอด
260    ^a ^bม.ป.ท.,^cม.ป.ป.
945    ^p0^l0^i027842
945    ^p0^l0^i027840
945    ^p0^l0^i027841
945    ^p0^l0^i027839
945    ^p0^l0^i027843
999    ^aใช้งานได้ทุกระบบ
รายการนี้ยังไม่มีแท็ก
คุณยังไม่ได้ล็อกอิน คุณสามารถมีกิจกรรมร่วมกับเว็บไซต์ได้ แต่ต้องล็อกอินก่อน ::
  ล็อกอิน

รายการสื่อสารสนเทศ

ลำดับที่ ประเภท เลขเรียก/บาร์โค้ด สถานที่ สถานะ
1. วิทยาศาสตร์การแพทย์ และสุขภาพ
หนังสือสำรอง
สถานะ=หนังสือสำรอง
WS105.5.C3 ฉ.1 
  Barcode: 027839
ห้องสมุดวิทยาเขตสวรรค์ประชารักษ์
►ส่วนจัดเก็บหนังสือเก่า สปร
บนชั้น
  ขอยืม
2. วิทยาศาสตร์การแพทย์ และสุขภาพ
วิทยาศาสตร์การแพทย์ และสุขภาพ
WS105.5.C3 ฉ.2 
  Barcode: 027840
ห้องสมุดวิทยาเขตสวรรค์ประชารักษ์
►ส่วนจัดเก็บหนังสือเก่า สปร
บนชั้น
  ขอยืม
3. วิทยาศาสตร์การแพทย์ และสุขภาพ
วิทยาศาสตร์การแพทย์ และสุขภาพ
WS105.5.C3 ฉ.3 
  Barcode: 027841
ห้องสมุดวิทยาเขตสวรรค์ประชารักษ์
►ส่วนจัดเก็บหนังสือเก่า สปร
บนชั้น
  ขอยืม
4. วิทยาศาสตร์การแพทย์ และสุขภาพ
วิทยาศาสตร์การแพทย์ และสุขภาพ
WS105.5.C3 ฉ.4 
  Barcode: 027842
ห้องสมุดวิทยาเขตสวรรค์ประชารักษ์
►ส่วนจัดเก็บหนังสือเก่า สปร
บนชั้น
  ขอยืม
5. วิทยาศาสตร์การแพทย์ และสุขภาพ
วิทยาศาสตร์การแพทย์ และสุขภาพ
WS105.5.C3 ฉ.5 
  Barcode: 027843
ห้องสมุดวิทยาเขตสวรรค์ประชารักษ์
►ส่วนจัดเก็บหนังสือเก่า สปร
บนชั้น
  ขอยืม

รายการใกล้เคียง
    ผู้แต่ง []

BibComment


ยังไม่เคยถูกคอมเมนท์

คอมเมนท์ทรัพยากรรายการนี้
  คอมเมนท์: คู่มือคุณแม่เตรี..


 Copyright 2026. Bcnsprnw @Library